[Event "World Youth & Cadets Rapid Championships"]
[Site "Rhodes, Greece"]
[Date "2022.05.02"]
[Round "6.15"]
[White "Korelskiy, Egor"]
[Black "Begmuratov, Khumoyun"]
[Result "0-1"]
[TimeControl "10'/game & 5\"/move"]
[WhiteElo "1822"]
[BlackElo "1977"]

1. e4 {[%clk 00:10:07]} {[%emt 00:00:02]} e5 {[%clk 00:10:08]} {[%emt
00:00:03]} 2. Nf3 {[%clk 00:10:10]} {[%emt 00:00:02]} Nc6 {[%clk 00:10:09]}
{[%emt 00:00:04]} 3. Bb5 {[%clk 00:10:12]} {[%emt 00:00:02]} a6 {[%clk
00:10:10]} {[%emt 00:00:04]} 4. Ba4 {[%clk 00:10:15]} {[%emt 00:00:02]} Nf6
{[%clk 00:10:09]} {[%emt 00:00:07]} 5. O-O {[%clk 00:10:17]} {[%emt 00:00:03]}
b5 {[%clk 00:10:06]} {[%emt 00:00:08]} 6. Bb3 {[%clk 00:10:19]} {[%emt
00:00:03]} Bb7 {[%clk 00:09:59]} {[%emt 00:00:12]} 7. c3 {[%clk 00:09:14]}
{[%emt 00:01:10]} Be7 {[%clk 00:08:17]} {[%emt 00:01:47]} 8. Re1 {[%clk
00:09:08]} {[%emt 00:00:11]} O-O {[%clk 00:08:19]} {[%emt 00:00:03]} 9. d4
{[%clk 00:07:57]} {[%emt 00:01:16]} d6 {[%clk 00:08:21]} {[%emt 00:00:03]} 10.
Nbd2 {[%clk 00:07:49]} {[%emt 00:00:13]} Re8 {[%clk 00:08:00]} {[%emt
00:00:26]} 11. Nf1 {[%clk 00:06:58]} {[%emt 00:00:56]} Bf8 {[%clk 00:07:48]}
{[%emt 00:00:18]} 12. Ng5 {[%clk 00:05:48]} {[%emt 00:01:14]} Re7 {[%clk
00:07:28]} {[%emt 00:00:26]} 13. Ng3 {[%clk 00:05:19]} {[%emt 00:00:33]} g6
{[%clk 00:06:30]} {[%emt 00:01:03]} 14. Nf3 {[%clk 00:04:26]} {[%emt 00:00:58]}
Bg7 {[%clk 00:05:59]} {[%emt 00:00:36]} 15. d5 {[%clk 00:04:11]} {[%emt
00:00:19]} Nb8 {[%clk 00:05:36]} {[%emt 00:00:29]} 16. a4 {[%clk 00:03:50]}
{[%emt 00:00:26]} Nbd7 {[%clk 00:04:57]} {[%emt 00:00:44]} 17. Be3 {[%clk
00:03:41]} {[%emt 00:00:14]} Nc5 {[%clk 00:03:46]} {[%emt 00:01:16]} 18. Bxc5
{[%clk 00:02:51]} {[%emt 00:00:56]} dxc5 {[%clk 00:03:49]} {[%emt 00:00:02]} 19.
c4 {[%clk 00:02:31]} {[%emt 00:00:24]} b4 {[%clk 00:03:41]} {[%emt 00:00:13]}
20. Bc2 {[%clk 00:02:34]} {[%emt 00:00:02]} Ne8 {[%clk 00:03:21]} {[%emt
00:00:25]} 21. b3 {[%clk 00:02:28]} {[%emt 00:00:11]} Nd6 {[%clk 00:03:06]}
{[%emt 00:00:20]} 22. Qd2 {[%clk 00:02:27]} {[%emt 00:00:06]} Bc8 {[%clk
00:02:39]} {[%emt 00:00:33]} 23. Qe3 {[%clk 00:01:51]} {[%emt 00:00:40]} Nb7
{[%clk 00:02:43]} {[%emt 00:00:01]} 24. h3 {[%clk 00:01:34]} {[%emt 00:00:22]}
Qd6 {[%clk 00:02:44]} {[%emt 00:00:04]} 25. Rad1 {[%clk 00:01:31]} {[%emt
00:00:08]} Bd7 {[%clk 00:02:45]} {[%emt 00:00:05]} 26. Rf1 {[%clk 00:01:26]}
{[%emt 00:00:09]} Rf8 {[%clk 00:02:47]} {[%emt 00:00:04]} 27. Rde1 {[%clk
00:00:52]} {[%emt 00:00:38]} f5 {[%clk 00:02:22]} {[%emt 00:00:30]} 28. exf5
{[%clk 00:00:55]} {[%emt 00:00:02]} gxf5 {[%clk 00:02:26]} {[%emt 00:00:01]} 29.
Nh4 {[%clk 00:00:24]} {[%emt 00:00:36]} e4 {[%clk 00:02:16]} {[%emt 00:00:16]}
30. Qg5 {[%clk 00:00:22]} {[%emt 00:00:06]} h6 {[%clk 00:02:02]} {[%emt
00:00:19]} 31. Qh5 {[%clk 00:00:14]} {[%emt 00:00:13]} Be8 {[%clk 00:01:23]}
{[%emt 00:00:44]} 32. Nhxf5 {[%clk 00:00:17]} {[%emt 00:00:01]} Bxh5 {[%clk
00:01:11]} {[%emt 00:00:18]} 33. Nxd6 {[%clk 00:00:21]} {[%emt 00:00:01]} Nxd6
{[%clk 00:01:13]} {[%emt 00:00:03]} 34. Nxh5 {[%clk 00:00:25]} {[%emt
00:00:01]} Bd4 {[%clk 00:01:06]} {[%emt 00:00:19]} 35. Re2 {[%clk 00:00:22]}
{[%emt 00:00:12]} Ref7 {[%clk 00:00:15]} {[%emt 00:00:56]} 36. Bxe4 {[%clk
00:00:12]} {[%emt 00:00:14]} Rxf2 {[%clk 00:00:12]} {[%emt 00:00:08]} 37. Rfxf2
{[%clk 00:00:15]} {[%emt 00:00:02]} Rxf2 {[%clk 00:00:16]} {[%emt 00:00:02]} 38.
Re1 {[%clk 00:00:10]} {[%emt 00:00:10]} Re2+ {[%clk 00:00:14]} {[%emt
00:00:06]} 39. Kf1 {[%clk 00:00:12]} {[%emt 00:00:03]} Rf2+ {[%clk 00:00:19]}
40. Kg1 {[%clk 00:00:15]} {[%emt 00:00:02]} Rf4+ {[%clk 00:00:11]} {[%emt
00:00:13]} 41. Kh2 {[%clk 00:00:16]} {[%emt 00:00:04]} Rxe4 {[%clk 00:00:15]}
42. Rxe4 {[%clk 00:00:18]} {[%emt 00:00:03]} Nxe4 {[%clk 00:00:19]} 43. Nf4
{[%clk 00:00:21]} {[%emt 00:00:01]} Nd2 {[%clk 00:00:23]} {[%emt 00:00:03]} 44.
Ne6 {[%clk 00:00:24]} {[%emt 00:00:01]} Nxb3 {[%clk 00:00:27]} {[%emt
00:00:01]} 45. g3 {[%clk 00:00:26]} {[%emt 00:00:04]} Nd2 {[%clk 00:00:25]}
{[%emt 00:00:07]} 46. Nxc7 {[%clk 00:00:28]} {[%emt 00:00:03]} Nxc4 {[%clk
00:00:29]} {[%emt 00:00:01]} 47. Nxa6 {[%emt 00:00:05]} b3 {[%clk 00:00:32]}
{[%emt 00:00:01]} 48. Nc7 {[%clk 00:00:31]} {[%emt 00:00:02]} b2 {[%clk
00:00:36]} {[%emt 00:00:01]} 0-1

[Event "World Youth & Cadets Rapid Championships"]
[Site "Rhodes, Greece"]
[Date "2022.05.02"]
[Round "6.16"]
[White "Patel, Zain"]
[Black "Mamedov, Edgar"]
[Result "0-1"]
[TimeControl "10'/game & 5\"/move"]
[WhiteElo "1563"]
[BlackElo "1854"]

1. d4 {[%clk 00:10:07]} {[%emt 00:00:03]} d5 {[%clk 00:10:06]} {[%emt
00:00:04]} 2. c4 {[%clk 00:10:11]} {[%emt 00:00:02]} e6 {[%clk 00:10:10]}
{[%emt 00:00:01]} 3. Nc3 {[%clk 00:10:14]} {[%emt 00:00:02]} a6 {[%clk
00:10:14]} {[%emt 00:00:02]} 4. cxd5 {[%clk 00:10:13]} {[%emt 00:00:05]} exd5
{[%clk 00:10:16]} {[%emt 00:00:03]} 5. Qc2 {[%clk 00:10:12]} {[%emt 00:00:05]}
Nf6 {[%clk 00:09:55]} {[%emt 00:00:26]} 6. Bg5 {[%clk 00:10:15]} {[%emt
00:00:02]} Be6 {[%clk 00:09:45]} {[%emt 00:00:16]} 7. e3 {[%clk 00:10:05]}
{[%emt 00:00:14]} Nbd7 {[%clk 00:09:46]} {[%emt 00:00:05]} 8. Bd3 {[%clk
00:10:05]} {[%emt 00:00:05]} h6 {[%clk 00:09:42]} {[%emt 00:00:08]} 9. Bh4
{[%clk 00:10:08]} {[%emt 00:00:02]} Bd6 {[%clk 00:09:43]} {[%emt 00:00:05]} 10.
Nge2 {[%clk 00:10:10]} {[%emt 00:00:02]} O-O {[%clk 00:09:40]} {[%emt
00:00:09]} 11. O-O {[%clk 00:10:11]} {[%emt 00:00:04]} Re8 {[%clk 00:09:11]}
{[%emt 00:00:34]} 12. Rab1 {[%clk 00:10:03]} {[%emt 00:00:12]} c5 {[%clk
00:08:40]} {[%emt 00:00:37]} 13. dxc5 {[%clk 00:09:32]} {[%emt 00:00:36]} Nxc5
{[%clk 00:08:41]} {[%emt 00:00:04]} 14. Bf5 {[%clk 00:09:14]} {[%emt 00:00:23]}
Rc8 {[%clk 00:07:43]} {[%emt 00:01:03]} 15. Bxe6 {[%clk 00:08:17]} {[%emt
00:01:01]} Nxe6 {[%clk 00:07:33]} {[%emt 00:00:15]} 16. Qd3 {[%clk 00:08:07]}
{[%emt 00:00:14]} Nc5 {[%clk 00:06:27]} {[%emt 00:01:12]} 17. Bxf6 {[%clk
00:07:58]} {[%emt 00:00:14]} Qxf6 {[%clk 00:05:51]} {[%emt 00:00:42]} 18. Qxd5
{[%clk 00:07:39]} {[%emt 00:00:23]} Rcd8 {[%clk 00:05:38]} {[%emt 00:00:19]} 19.
g3 {[%clk 00:07:03]} {[%emt 00:00:41]} Re5 {[%clk 00:05:05]} {[%emt 00:00:38]}
20. Qg2 {[%clk 00:06:22]} {[%emt 00:00:45]} Bf8 {[%clk 00:04:41]} {[%emt
00:00:30]} 21. Nf4 {[%clk 00:06:11]} {[%emt 00:00:15]} b5 {[%clk 00:04:08]}
{[%emt 00:00:39]} 22. Ncd5 {[%clk 00:06:06]} {[%emt 00:00:10]} Qf5 {[%clk
00:03:57]} {[%emt 00:00:16]} 23. Rfd1 {[%clk 00:05:49]} {[%emt 00:00:21]} Ne4
{[%clk 00:02:21]} {[%emt 00:01:42]} 24. f3 {[%clk 00:03:24]} {[%emt 00:02:30]}
Ng5 {[%clk 00:01:50]} {[%emt 00:00:35]} 25. e4 {[%clk 00:03:19]} {[%emt
00:00:10]} Qc8 {[%clk 00:01:40]} {[%emt 00:00:16]} 26. Rbc1 {[%clk 00:03:23]}
{[%emt 00:00:01]} Qb8 {[%clk 00:01:36]} {[%emt 00:00:09]} 27. h4 {[%clk
00:03:16]} {[%emt 00:00:10]} Ne6 {[%clk 00:01:27]} {[%emt 00:00:16]} 28. Nxe6
{[%clk 00:02:54]} {[%emt 00:00:26]} Rxe6 {[%clk 00:01:19]} {[%emt 00:00:14]} 29.
Qd2 {[%clk 00:02:32]} {[%emt 00:00:27]} Qxg3+ {[%clk 00:01:21]} {[%emt
00:00:02]} 30. Qg2 {[%clk 00:02:36]} {[%emt 00:00:02]} Qxh4 {[%clk 00:01:19]}
{[%emt 00:00:07]} 31. Ne3 {[%clk 00:02:37]} {[%emt 00:00:04]} Rxd1+ {[%emt
00:00:12]} 32. Rxd1 {[%clk 00:02:41]} Bc5 {[%clk 00:01:13]} {[%emt 00:00:05]}
33. Qf2 {[%clk 00:01:31]} {[%emt 00:01:14]} Bxe3 {[%clk 00:01:14]} {[%emt
00:00:04]} 34. Qxe3 {[%clk 00:01:34]} {[%emt 00:00:02]} Rg6+ {[%clk 00:01:18]}
{[%emt 00:00:02]} 35. Kf1 {[%clk 00:01:35]} {[%emt 00:00:03]} Qh1+ {[%clk
00:01:19]} {[%emt 00:00:04]} 36. Ke2 {[%clk 00:01:39]} {[%emt 00:00:01]} Rg2+
{[%clk 00:01:23]} {[%emt 00:00:02]} 0-1

[Event "World Youth & Cadets Rapid Championships"]
[Site "Rhodes, Greece"]
[Date "2022.05.02"]
[Round "6.17"]
[White "Shevchenko, Yaroslav"]
[Black "Bangert, Jonas"]
[Result "1-0"]
[TimeControl "10'/game & 5\"/move"]
[WhiteElo "1827"]
[BlackElo "1483"]

1. d4 {[%clk 00:10:07]} {[%emt 00:00:02]} Nf6 {[%clk 00:10:09]} {[%emt
00:00:01]} 2. c4 {[%clk 00:10:11]} {[%emt 00:00:02]} e6 {[%clk 00:10:13]}
{[%emt 00:00:01]} 3. g3 {[%clk 00:10:14]} {[%emt 00:00:01]} d5 {[%clk
00:10:15]} {[%emt 00:00:04]} 4. Nf3 {[%clk 00:10:17]} {[%emt 00:00:01]} Be7
{[%clk 00:10:10]} {[%emt 00:00:10]} 5. Bg2 {[%clk 00:10:20]} {[%emt 00:00:02]}
O-O {[%clk 00:10:13]} {[%emt 00:00:02]} 6. O-O {[%clk 00:10:22]} {[%emt
00:00:02]} b6 {[%clk 00:09:52]} {[%emt 00:00:28]} 7. cxd5 {[%clk 00:10:24]}
{[%emt 00:00:02]} Nxd5 {[%clk 00:09:55]} {[%emt 00:00:02]} 8. a3 {[%clk
00:10:09]} {[%emt 00:00:20]} Nd7 {[%clk 00:09:42]} {[%emt 00:00:18]} 9. e4
{[%clk 00:10:07]} {[%emt 00:00:07]} N5f6 {[%clk 00:09:42]} {[%emt 00:00:05]} 10.
Nc3 {[%clk 00:10:09]} {[%emt 00:00:03]} Bb7 {[%clk 00:09:16]} {[%emt 00:00:32]}
11. Re1 {[%clk 00:10:08]} {[%emt 00:00:05]} c5 {[%clk 00:08:43]} {[%emt
00:00:38]} 12. d5 {[%clk 00:10:01]} {[%emt 00:00:12]} Qc7 {[%clk 00:08:07]}
{[%emt 00:00:41]} 13. Nb5 {[%clk 00:09:39]} {[%emt 00:00:27]} Qc8 {[%clk
00:07:43]} {[%emt 00:00:29]} 14. d6 {[%clk 00:09:22]} {[%emt 00:00:22]} Bd8
{[%clk 00:07:47]} {[%emt 00:00:01]} 15. e5 {[%clk 00:07:39]} {[%emt 00:01:49]}
Nd5 {[%clk 00:06:14]} {[%emt 00:01:38]} 16. Qc2 {[%clk 00:06:56]} {[%emt
00:00:47]} a6 {[%clk 00:04:18]} {[%emt 00:02:02]} 17. Nc3 {[%clk 00:06:56]}
{[%emt 00:00:04]} b5 {[%clk 00:02:39]} {[%emt 00:01:44]} 18. Ng5 {[%clk
00:02:37]} {[%emt 00:04:24]} Bxg5 {[%clk 00:01:25]} {[%emt 00:01:20]} 19. Bxg5
{[%clk 00:02:38]} {[%emt 00:00:03]} Nxc3 {[%emt 00:00:16]} 20. Qxc3 {[%clk
00:02:33]} {[%emt 00:00:08]} Bxg2 {[%clk 00:01:13]} {[%emt 00:00:08]} 21. Kxg2
{[%clk 00:02:36]} {[%emt 00:00:02]} Qc6+ {[%clk 00:00:44]} {[%emt 00:00:35]} 22.
Kg1 {[%clk 00:02:34]} {[%emt 00:00:07]} f6 {[%clk 00:00:20]} {[%emt 00:00:29]}
23. exf6 {[%clk 00:02:27]} {[%emt 00:00:11]} gxf6 {[%clk 00:00:24]} {[%emt
00:00:02]} 24. Bh6 {[%clk 00:02:30]} Rfe8 {[%clk 00:00:26]} {[%emt 00:00:03]}
25. Rad1 {[%clk 00:02:25]} {[%emt 00:00:10]} Ne5 {[%clk 00:00:14]} {[%emt
00:00:17]} 26. Rxe5 {[%clk 00:02:03]} {[%emt 00:00:28]} fxe5 {[%clk 00:00:13]}
{[%emt 00:00:05]} 27. Qxe5 {[%clk 00:02:07]} {[%emt 00:00:02]} Qd7 {[%clk
00:00:16]} {[%emt 00:00:02]} 28. Qg5+ {[%clk 00:02:06]} {[%emt 00:00:05]} Kh8
{[%clk 00:00:20]} 29. Qe5+ {[%clk 00:01:50]} {[%emt 00:00:21]} Kg8 {[%clk
00:00:24]} 30. Qxc5 {[%clk 00:01:52]} {[%emt 00:00:03]} Rac8 {[%clk 00:00:27]}
{[%emt 00:00:02]} 31. Qg5+ {[%clk 00:01:52]} {[%emt 00:00:05]} Kh8 {[%clk
00:00:31]} {[%emt 00:00:02]} 32. Qf6+ {[%clk 00:01:49]} {[%emt 00:00:08]} Kg8
{[%clk 00:00:35]} {[%emt 00:00:01]} 33. Qg5+ {[%clk 00:01:48]} {[%emt
00:00:06]} Kh8 {[%clk 00:00:39]} 34. Qe5+ {[%clk 00:01:52]} Kg8 {[%clk
00:00:43]} {[%emt 00:00:01]} 35. Rd4 {[%clk 00:01:55]} {[%emt 00:00:02]} Rc4
{[%clk 00:00:31]} {[%emt 00:00:17]} 36. b3 {[%clk 00:00:50]} {[%emt 00:01:10]}
Rxd4 {[%clk 00:00:32]} {[%emt 00:00:05]} 37. Qxd4 {[%clk 00:00:54]} {[%emt
00:00:01]} e5 {[%clk 00:00:32]} {[%emt 00:00:04]} 38. Qd5+ {[%clk 00:00:54]}
{[%emt 00:00:06]} Kh8 {[%clk 00:00:37]} 39. Bg5 {[%clk 00:00:52]} {[%emt
00:00:06]} Kg7 {[%clk 00:00:19]} {[%emt 00:00:25]} 40. h4 {[%clk 00:00:45]}
{[%emt 00:00:11]} Re6 {[%clk 00:00:21]} {[%emt 00:00:03]} 41. Be7 {[%clk
00:00:40]} {[%emt 00:00:09]} Rxe7 {[%clk 00:00:14]} {[%emt 00:00:12]} 42. dxe7
{[%clk 00:00:44]} {[%emt 00:00:02]} Qxd5 {[%clk 00:00:17]} {[%emt 00:00:01]} 43.
e8=Q {[%clk 00:00:47]} {[%emt 00:00:02]} Qd1+ {[%clk 00:00:21]} {[%emt
00:00:01]} 44. Kh2 {[%clk 00:00:51]} Qe2 {[%clk 00:00:19]} {[%emt 00:00:08]} 45.
Qe7+ {[%clk 00:00:52]} {[%emt 00:00:03]} Kg8 {[%clk 00:00:23]} {[%emt
00:00:01]} 46. Qf6 {[%clk 00:00:54]} {[%emt 00:00:03]} e4 {[%clk 00:00:26]}
{[%emt 00:00:03]} 47. Qf4 {[%clk 00:00:55]} {[%emt 00:00:04]} Kg7 {[%clk
00:00:26]} {[%emt 00:00:05]} 48. Qe3 {[%clk 00:00:58]} {[%emt 00:00:02]} Qc2
{[%clk 00:00:25]} {[%emt 00:00:06]} 49. Kg2 {[%clk 00:01:02]} Kg8 {[%clk
00:00:24]} {[%emt 00:00:06]} 50. b4 {[%clk 00:00:56]} {[%emt 00:00:10]} Kg7
{[%clk 00:00:26]} {[%emt 00:00:03]} 51. Qa7+ {[%clk 00:00:57]} {[%emt
00:00:05]} Kg8 {[%clk 00:00:19]} {[%emt 00:00:12]} 52. Qxa6 {[%clk 00:00:59]}
{[%emt 00:00:03]} e3 {[%clk 00:00:23]} 53. Qa8+ {[%clk 00:01:03]} {[%emt
00:00:01]} Kg7 {[%emt 00:00:13]} 54. Qa7+ {[%clk 00:00:57]} {[%emt 00:00:02]}
Kg8 {[%clk 00:00:18]} {[%emt 00:00:10]} 55. Qxe3 {[%clk 00:01:00]} {[%emt
00:00:02]} Qc6+ {[%clk 00:00:22]} {[%emt 00:00:01]} 56. Kh2 {[%clk 00:01:03]}
{[%emt 00:00:02]} Qd5 {[%clk 00:00:18]} {[%emt 00:00:10]} 57. Qg5+ {[%clk
00:01:06]} {[%emt 00:00:02]} 1-0

[Event "World Youth & Cadets Rapid Championships"]
[Site "Rhodes, Greece"]
[Date "2022.05.02"]
[Round "6.18"]
[White "Ochedzan, Filip"]
[Black "Dotzer, Lukas"]
[Result "0-1"]
[TimeControl "10'/game & 5\"/move"]
[WhiteElo "1407"]
[BlackElo "1618"]

1. e4 {[%clk 00:10:09]} {[%emt 00:00:01]} c6 {[%clk 00:10:09]} {[%emt
00:00:01]} 2. d4 {[%clk 00:10:12]} {[%emt 00:00:02]} d5 {[%clk 00:10:13]}
{[%emt 00:00:01]} 3. Nc3 {[%clk 00:10:15]} {[%emt 00:00:02]} dxe4 {[%clk
00:10:16]} {[%emt 00:00:02]} 4. Nxe4 {[%clk 00:10:18]} {[%emt 00:00:01]} Bf5
{[%clk 00:10:20]} {[%emt 00:00:02]} 5. Ng3 {[%clk 00:10:22]} {[%emt 00:00:01]}
Bg6 {[%clk 00:10:23]} {[%emt 00:00:02]} 6. h4 {[%clk 00:10:25]} {[%emt
00:00:02]} h6 {[%clk 00:10:24]} {[%emt 00:00:05]} 7. Nf3 {[%clk 00:10:28]}
{[%emt 00:00:02]} Nd7 {[%clk 00:10:25]} {[%emt 00:00:03]} 8. h5 {[%clk
00:10:31]} {[%emt 00:00:01]} Bh7 {[%clk 00:10:30]} {[%emt 00:00:01]} 9. Bd3
{[%clk 00:10:34]} {[%emt 00:00:02]} Bxd3 {[%clk 00:10:32]} {[%emt 00:00:02]} 10.
Qxd3 {[%clk 00:10:38]} {[%emt 00:00:02]} e6 {[%clk 00:10:36]} {[%emt 00:00:01]}
11. Bd2 {[%clk 00:10:39]} {[%emt 00:00:04]} Ngf6 {[%clk 00:10:37]} {[%emt
00:00:04]} 12. O-O-O {[%clk 00:10:38]} {[%emt 00:00:05]} Qc7 {[%clk 00:10:40]}
{[%emt 00:00:03]} 13. Qe2 {[%clk 00:10:36]} {[%emt 00:00:05]} Bd6 {[%clk
00:10:40]} {[%emt 00:00:07]} 14. Ne4 {[%clk 00:10:20]} {[%emt 00:00:21]} Nxe4
{[%clk 00:10:43]} {[%emt 00:00:02]} 15. Qxe4 {[%clk 00:10:23]} {[%emt
00:00:02]} Nf6 {[%clk 00:10:46]} {[%emt 00:00:02]} 16. Qe2 {[%clk 00:10:24]}
{[%emt 00:00:03]} O-O-O {[%clk 00:10:44]} {[%emt 00:00:07]} 17. Ne5 {[%clk
00:10:15]} {[%emt 00:00:15]} c5 {[%clk 00:10:34]} {[%emt 00:00:14]} 18. Rh4
{[%clk 00:09:19]} {[%emt 00:01:01]} Kb8 {[%clk 00:10:02]} {[%emt 00:00:38]} 19.
Nc4 {[%clk 00:09:08]} {[%emt 00:00:15]} Ka8 {[%clk 00:09:23]} {[%emt 00:00:45]}
20. dxc5 {[%clk 00:08:04]} {[%emt 00:01:09]} Bxc5 {[%clk 00:08:50]} {[%emt
00:00:39]} 21. Bc3 {[%clk 00:07:33]} {[%emt 00:00:35]} Rxd1+ {[%clk 00:08:28]}
{[%emt 00:00:27]} 22. Kxd1 {[%clk 00:06:45]} {[%emt 00:00:53]} Rd8+ {[%clk
00:08:13]} {[%emt 00:00:20]} 23. Kc1 {[%clk 00:06:49]} {[%emt 00:00:02]} Qc6
{[%clk 00:07:56]} {[%emt 00:00:21]} 24. f3 {[%clk 00:06:23]} {[%emt 00:00:30]}
b5 {[%clk 00:07:12]} {[%emt 00:00:50]} 25. Ne5 {[%clk 00:06:20]} {[%emt
00:00:07]} Qd5 {[%clk 00:07:11]} {[%emt 00:00:06]} 26. b3 {[%clk 00:05:49]}
{[%emt 00:00:37]} Ba3+ {[%clk 00:06:10]} {[%emt 00:01:06]} 27. Bb2 {[%clk
00:05:36]} {[%emt 00:00:18]} Qc5 {[%clk 00:05:59]} {[%emt 00:00:16]} 28. Bxa3
{[%clk 00:03:51]} {[%emt 00:01:50]} Qxa3+ {[%clk 00:05:45]} {[%emt 00:00:20]}
29. Kb1 {[%clk 00:03:55]} Nd5 {[%clk 00:05:35]} {[%emt 00:00:15]} 30. Qd3
{[%clk 00:02:15]} {[%emt 00:01:45]} Nc3+ {[%clk 00:05:34]} {[%emt 00:00:05]} 31.
Qxc3 {[%clk 00:02:15]} {[%emt 00:00:04]} Rd1# {[%clk 00:05:37]} {[%emt
00:00:02]} 0-1

[Event "World Youth & Cadets Rapid Championships"]
[Site "Rhodes, Greece"]
[Date "2022.05.02"]
[Round "6.19"]
[White "Celik, Ali Alper"]
[Black "Mompel Ferruz, Xavier"]
[Result "1-0"]
[TimeControl "10'/game & 5\"/move"]
[WhiteElo "1371"]
[BlackElo "1618"]

1. d4 {[%clk 00:10:05]} {[%emt 00:00:05]} d5 {[%clk 00:10:08]} {[%emt
00:00:02]} 2. g3 {[%clk 00:10:08]} {[%emt 00:00:02]} Nf6 {[%clk 00:10:09]}
{[%emt 00:00:04]} 3. Bg2 {[%clk 00:10:11]} {[%emt 00:00:01]} Bf5 {[%clk
00:10:02]} {[%emt 00:00:12]} 4. Nf3 {[%clk 00:10:13]} {[%emt 00:00:03]} e6
{[%clk 00:10:05]} {[%emt 00:00:03]} 5. O-O {[%clk 00:10:16]} {[%emt 00:00:02]}
h6 {[%clk 00:10:08]} {[%emt 00:00:02]} 6. c4 {[%clk 00:10:18]} {[%emt
00:00:03]} c6 {[%clk 00:10:07]} {[%emt 00:00:06]} 7. Nc3 {[%emt 00:00:03]} Bd6
{[%clk 00:10:03]} {[%emt 00:00:07]} 8. Nd2 {[%clk 00:10:12]} {[%emt 00:00:15]}
O-O {[%clk 00:09:52]} {[%emt 00:00:15]} 9. e4 {[%clk 00:10:15]} {[%emt
00:00:02]} dxe4 {[%clk 00:09:55]} {[%emt 00:00:03]} 10. Ndxe4 {[%clk 00:10:18]}
{[%emt 00:00:02]} Be7 {[%clk 00:09:34]} {[%emt 00:00:25]} 11. Bf4 {[%clk
00:10:13]} {[%emt 00:00:10]} Nbd7 {[%clk 00:09:05]} {[%emt 00:00:35]} 12. Re1
{[%clk 00:09:58]} {[%emt 00:00:20]} Nxe4 {[%clk 00:08:49]} {[%emt 00:00:21]} 13.
Nxe4 {[%clk 00:10:01]} {[%emt 00:00:02]} Nf6 {[%clk 00:08:46]} {[%emt
00:00:08]} 14. Qd2 {[%clk 00:09:56]} {[%emt 00:00:10]} Nxe4 {[%clk 00:08:20]}
{[%emt 00:00:31]} 15. Bxe4 {[%clk 00:09:58]} {[%emt 00:00:03]} Bxe4 {[%clk
00:08:14]} {[%emt 00:00:11]} 16. Rxe4 {[%clk 00:10:02]} {[%emt 00:00:02]} Bf6
{[%clk 00:08:16]} {[%emt 00:00:02]} 17. Bxh6 {[%clk 00:09:30]} {[%emt
00:00:37]} Kh7 {[%clk 00:06:19]} {[%emt 00:02:02]} 18. Bf4 {[%clk 00:09:24]}
{[%emt 00:00:11]} Rh8 {[%clk 00:06:15]} {[%emt 00:00:09]} 19. Rd1 {[%clk
00:09:09]} {[%emt 00:00:20]} Kg8 {[%clk 00:06:10]} {[%emt 00:00:09]} 20. Be5
{[%clk 00:09:12]} {[%emt 00:00:02]} Qe7 {[%clk 00:05:19]} {[%emt 00:00:57]} 21.
Qf4 {[%clk 00:07:35]} {[%emt 00:01:42]} Bg5 {[%clk 00:05:14]} {[%emt 00:00:10]}
22. Qf3 {[%clk 00:07:26]} {[%emt 00:00:13]} f6 {[%clk 00:04:34]} {[%emt
00:00:46]} 23. Bf4 {[%clk 00:07:28]} {[%emt 00:00:02]} Bxf4 {[%clk 00:04:37]}
{[%emt 00:00:03]} 24. Qxf4 {[%clk 00:07:31]} {[%emt 00:00:02]} Kf7 {[%clk
00:04:36]} {[%emt 00:00:06]} 25. Rde1 {[%clk 00:07:31]} {[%emt 00:00:05]} Rae8
{[%clk 00:04:15]} {[%emt 00:00:25]} 26. Qe3 {[%clk 00:07:28]} {[%emt 00:00:09]}
Qd7 {[%clk 00:04:05]} {[%emt 00:00:15]} 27. b3 {[%clk 00:07:01]} {[%emt
00:00:32]} Rh6 {[%clk 00:04:02]} {[%emt 00:00:07]} 28. h4 {[%clk 00:06:56]}
{[%emt 00:00:10]} f5 {[%clk 00:03:50]} {[%emt 00:00:18]} 29. Re5 {[%clk
00:06:59]} {[%emt 00:00:01]} Rhh8 {[%clk 00:02:54]} {[%emt 00:01:01]} 30. Qf4
{[%clk 00:06:43]} {[%emt 00:00:22]} g6 {[%clk 00:02:53]} {[%emt 00:00:06]} 31.
Kg2 {[%clk 00:06:06]} {[%emt 00:00:42]} a6 {[%clk 00:02:46]} {[%emt 00:00:12]}
32. Rh1 {[%clk 00:05:09]} {[%emt 00:01:02]} Rd8 {[%clk 00:02:30]} {[%emt
00:00:21]} 33. h5 {[%clk 00:04:09]} {[%emt 00:01:05]} gxh5 {[%clk 00:02:00]}
{[%emt 00:00:35]} 34. d5 {[%clk 00:04:06]} {[%emt 00:00:08]} cxd5 {[%clk
00:01:12]} {[%emt 00:00:53]} 35. cxd5 {[%clk 00:04:08]} {[%emt 00:00:02]} Qd6
{[%clk 00:01:09]} {[%emt 00:00:09]} 36. dxe6+ {[%clk 00:03:58]} {[%emt
00:00:14]} Ke8 {[%clk 00:01:06]} {[%emt 00:00:10]} 37. Qxf5 {[%clk 00:03:59]}
{[%emt 00:00:04]} Qc6+ {[%clk 00:00:42]} {[%emt 00:00:28]} 38. Kh2 {[%clk
00:03:17]} {[%emt 00:00:46]} Ke7 {[%emt 00:01:37]} 39. Qf7+ {[%clk 00:02:02]}
Kd6 {[%clk 00:00:34]} {[%emt 00:00:01]} 40. Rhe1 {[%clk 00:02:06]} {[%emt
00:00:01]} h4 {[%clk 00:00:26]} {[%emt 00:00:14]} 41. g4 {[%clk 00:02:00]}
{[%emt 00:00:11]} h3 {[%clk 00:00:26]} {[%emt 00:00:05]} 42. R1e4 {[%clk
00:01:49]} {[%emt 00:00:15]} Rhf8 {[%clk 00:00:16]} {[%emt 00:00:15]} 43. e7
{[%clk 00:01:49]} {[%emt 00:00:06]} Rxf7 {[%clk 00:00:09]} {[%emt 00:00:12]} 44.
exd8=Q+ {[%clk 00:01:50]} {[%emt 00:00:03]} Rd7 {[%clk 00:00:09]} {[%emt
00:00:05]} 45. Qf6+ {[%clk 00:01:47]} {[%emt 00:00:08]} 1-0